000 nam a22 7a 4500
999 _c7301
_d7301
008 170807b xxu||||| |||| 00| 0 eng d
100 _93839
_aChhabra T N
245 _aBusiness Studies
_bPrinciples and Functions of management
260 _aNew Delhi
_bArya Publication
_c2011